000 00656nam a2200229Ia 4500
001 2160
005 20240113233531.0
007 ta
008 050221s1909 a g b000 u eng u
040 _aRef. stack
041 _aeng
082 _a633.7206
_bAs 72 R
110 _aGovernment of Assam .
245 0 _aReport on tea culture in Eastern Bengal and Assam for the year 1908 /
_cGovernment of Assam.
_hReports
250 _a1st ed /
260 _aShillong :
_bAssam Secretariat ,
_c1909.
300 _a8p. :
_bill ;
_c32cm .
653 _aReport - tea culture Eastern Bengal and Assam
942 _2ddc
_cBK
999 _c2153
_d2153